La naissance du sain-empire

I tiakina i:
Ngā taipitopito rārangi puna kōrero
Kaituhi matua: Folz, Robert (Author)
Hōputu: Pukapuka
Reo:Wīwī
I whakaputaina: París Albin Michel 1967
Rangatū:Le Mémorial des Siècles, 10
Ngā marau:
Ngā Tūtohu: Tāpirihia he Tūtohu
Kāore He Tūtohu, Me noho koe te mea tuatahi ki te tūtohu i tēnei pūkete!

MARC

LEADER 00000nam a2200000 a 4500
001 UCP9881
003 CL-VaPUC
008 000407e19670000FR |||||||||||||||||fre|d
082 0 4 |a 940.146  |b FOL  |2 21 
100 0 |a Folz, Robert  |e author  |9 440796 
245 1 3 |a La naissance du sain-empire 
300 |a 372 p 
942 |c BK 
945 |d 20000407 00:00:00  |a rherrera 
260 |a París  |b Albin Michel  |c 1967 
600 0 |a Carlomagno  |9 343111 
600 0 7 |a OTON  |2 CL-VaPUC  |9 431936 
650 7 |a HISTORIA DE EUROPA SIGLO 10  |2 CL-VaPUC  |9 440797 
650 7 |a IMPERIO DE OCCIDENTE  |2 CL-VaPUC  |9 439968 
651 0 |a Europa  |9 255156 
651 0 |a Italia  |9 254949 
651 7 |a CONSTANTINOPLA  |2 CL-VaPUC  |9 342299 
583 |a last modification  |c 20130926 04:25:55  |k Rodrigo Vera 
490 0 |a Le Mémorial des Siècles, 10 
999 |c 286661  |d 286659 
952 |0 0  |1 0  |4 0  |6 940_146000000000000_FOL_1967  |7 0  |8 A  |9 332714  |a BIBHIS  |b BIBHIS  |d 2019-11-20  |i 1262327  |o 940.146 FOL 1967  |p 1262327  |r 2025-01-20  |w 2019-11-20  |y BK  |k HIS